[Event "Team women final 2016"]
[Site "Sochi"]
[Date "2016.05.02"]
[Round "2.4"]
[White "Savina, Anastasia"]
[Black "Balaian, Alina"]
[Result "1/2-1/2"]
[LiveChessVersion "1.4.4"]
[BlackElo "2230"]
[WhiteElo "2387"]
[BlackTeam "SDUSSHOR"]
[WhiteTeam "Legacy"]

1. d4 {[%clk 1:30:52]} Nf6 {[%clk 1:30:55]} 2. c4 {[%clk 1:31:17]} g6
{[%clk 1:31:20]} 3. Nc3 {[%clk 1:31:39]} d5 {[%clk 1:31:44]} 4. e3
{[%clk 1:31:13]} Bg7 {[%clk 1:31:33]} 5. Nf3 {[%clk 1:31:26]} O-O
{[%clk 1:31:04]} 6. cxd5 {[%clk 1:31:50]} Nxd5 {[%clk 1:31:18]} 7. Bc4
{[%clk 1:32:09]} Nb6 {[%clk 1:31:04]} 8. Bb3 {[%clk 1:32:31]} c5 {[%clk 1:30:14]}
9. O-O {[%clk 1:32:32]} cxd4 {[%clk 1:28:26]} 10. exd4 {[%clk 1:32:55]} Nc6
{[%clk 1:25:03]} 11. d5 {[%clk 1:30:52]} Na5 {[%clk 1:24:44]} 12. Re1
{[%clk 1:25:47]} Nxb3 {[%clk 1:22:36]} 13. axb3 {[%clk 1:20:34]} h6
{[%clk 1:14:57]} 14. h3 {[%clk 1:11:24]} Qd6 {[%clk 1:05:59]} 15. Be3
{[%clk 1:01:05]} Bf5 {[%clk 0:55:15]} 16. Qd2 {[%clk 0:49:12]} g5
{[%clk 0:49:49]} 17. Nd4 {[%clk 0:43:32]} Bd7 {[%clk 0:48:19]} 18. Ra5
{[%clk 0:38:05]} a6 {[%clk 0:37:56]} 19. Nf3 {[%clk 0:23:22]} g4 {[%clk 0:30:10]}
20. hxg4 {[%clk 0:13:25]} Bxg4 {[%clk 0:27:04]} 21. Ne4 {[%clk 0:12:31]} Qg6
{[%clk 0:25:29]} 22. Nh4 {[%clk 0:12:39]} Qh5 {[%clk 0:20:29]} 23. Bxb6
{[%clk 0:11:46]} Qxh4 {[%clk 0:20:45]} 24. Ng3 {[%clk 0:11:32]} Qf6
{[%clk 0:11:33]} 25. Ra4 {[%clk 0:09:34]} Qg6 {[%clk 0:06:13]} 26. Bc5
{[%clk 0:06:20]} Rfc8 {[%clk 0:05:26]} 27. Bxe7 {[%clk 0:05:34]} Rc2
{[%clk 0:05:24]} 28. Qf4 {[%clk 0:05:29]} h5 {[%clk 0:04:39]} 29. Qg5
{[%clk 0:01:48]} Rxb2 {[%clk 0:03:27]} 30. Qxg6 {[%clk 0:01:29]} fxg6
{[%clk 0:03:57]} 31. d6 {[%clk 0:01:28]} Rxb3 {[%clk 0:03:12]} 32. Ne4
{[%clk 0:01:25]} Rb5 {[%clk 0:00:44]} 33. Rc4 {[%clk 0:01:03]} Rc8
{[%clk 0:00:38]} 34. Rxc8+ Bxc8 35. Rc1 {[%clk 0:00:37]} Bf5 {[%clk 0:01:16]} 36.
Nc5 {[%clk 0:00:33]} Bb2 {[%clk 0:01:00]} 37. Rd1 {[%clk 0:00:32]} Ba3
{[%clk 0:00:53]} 38. d7 {[%clk 0:00:36]} Bxd7 {[%clk 0:01:16]} 39. Rxd7
{[%clk 0:00:51]} Bxc5 {[%clk 0:01:36]} 40. Bxc5 {[%clk 0:31:07]} Rxc5
{[%clk 0:32:02]} 41. Rxb7 {[%clk 0:31:33]} a5 {[%clk 0:29:48]} 42. Ra7
{[%clk 0:31:18]} Kf8 {[%clk 0:29:44]} 43. Kh2 {[%clk 0:27:28]} g5
{[%clk 0:28:20]} 44. f3 {[%clk 0:21:08]} Ke8 {[%clk 0:27:10]} 45. Rh7
{[%clk 0:19:00]} h4 {[%clk 0:25:33]} 46. g3 {[%clk 0:13:38]} Rf5 {[%clk 0:14:55]}
47. gxh4 {[%clk 0:06:47]} gxh4 {[%clk 0:15:07]} 48. Rxh4 {[%clk 0:06:51]} Rxf3
{[%clk 0:15:31]} 49. Kg2 {[%clk 0:04:33]} Rf5 {[%clk 0:15:30]} 50. Rh7
{[%clk 0:03:37]} Kd8 {[%clk 0:12:46]} 51. Kg3 {[%clk 0:03:59]} Kc8
{[%clk 0:12:35]} 52. Kg4 {[%clk 0:04:00]} Rf1 {[%clk 0:11:58]} 53. Ra7
{[%clk 0:03:33]} Ra1 {[%clk 0:12:23]} 54. Kf3 {[%clk 0:03:57]} Kb8
{[%clk 0:11:52]} 55. Re7 {[%clk 0:04:17]} a4 {[%clk 0:12:04]} 56. Kg2
{[%clk 0:02:41]} a3 {[%clk 0:12:12]} 57. Re3 {[%clk 0:03:01]} Kc7
{[%clk 0:12:25]} 58. Rc3+ {[%clk 0:03:07]} Kd6 {[%clk 0:12:14]} 59. Rd3+
{[%clk 0:03:30]} Ke5 {[%clk 0:12:00]} 60. Re3+ {[%clk 0:03:20]} Kd4
{[%clk 0:11:58]} 61. Rf3 {[%clk 0:03:37]} Ke4 {[%clk 0:12:11]} 62. Rb3
{[%clk 0:03:43]} Ra2+ {[%clk 0:12:00]} 63. Kg3 {[%clk 0:03:32]} Kd4
{[%clk 0:12:10]} 64. Rf3 {[%clk 0:03:56]} Ra1 {[%clk 0:11:52]} 65. Kg2
{[%clk 0:04:19]} a2 {[%clk 0:11:59]} 66. Ra3 {[%clk 0:04:43]} Kc4
{[%clk 0:12:25]} 67. Ra8 {[%clk 0:05:07]} 1/2-1/2

[Event "Team women final 2016"]
[Site "Sochi"]
[Date "2016.05.02"]
[Round "2.5"]
[White "Maslova, Polina"]
[Black "Travkina, Anastasia"]
[Result "1/2-1/2"]
[LiveChessVersion "1.4.4"]
[BlackElo "2255"]
[WhiteElo "2095"]
[BlackTeam "Donchanka"]
[WhiteTeam "Bukavushki"]

1. e4 {[%clk 1:30:58]} e5 {[%clk 1:30:50]} 2. Nf3 {[%clk 1:31:23]} Nc6
{[%clk 1:31:16]} 3. Bb5 {[%clk 1:31:47]} g6 {[%clk 1:31:41]} 4. d4
{[%clk 1:31:53]} exd4 {[%clk 1:31:56]} 5. c3 {[%clk 1:32:19]} Bg7
{[%clk 1:32:12]} 6. cxd4 {[%clk 1:32:41]} a6 {[%clk 1:32:35]} 7. Ba4
{[%clk 1:33:04]} b5 {[%clk 1:32:53]} 8. Bb3 {[%clk 1:33:24]} Nge7
{[%clk 1:33:04]} 9. d5 {[%clk 1:33:48]} Na5 {[%clk 1:33:25]} 10. Bd2
{[%clk 1:34:12]} Nxb3 {[%clk 1:31:50]} 11. Qxb3 {[%clk 1:34:36]} c5
{[%clk 1:32:17]} 12. dxc6 {[%clk 1:28:35]} O-O {[%clk 1:31:23]} 13. Bc3
{[%clk 1:21:50]} dxc6 {[%clk 1:19:25]} 14. Bxg7 {[%clk 1:20:07]} Kxg7
{[%clk 1:18:32]} 15. O-O {[%clk 1:20:19]} Kg8 {[%clk 1:10:06]} 16. h3
{[%clk 1:08:08]} c5 {[%clk 0:58:52]} 17. Qc2 {[%clk 0:56:21]} Qb6
{[%clk 0:41:05]} 18. Nc3 {[%clk 0:49:49]} Bb7 {[%clk 0:37:53]} 19. Ne5
{[%clk 0:34:13]} Qe6 {[%clk 0:30:01]} 20. Nd3 {[%clk 0:29:09]} Rac8
{[%clk 0:27:44]} 21. Rad1 {[%clk 0:21:39]} Qf6 {[%clk 0:15:45]} 22. Rfe1
{[%clk 0:18:18]} Rfd8 {[%clk 0:12:42]} 23. Qe2 {[%clk 0:12:56]} c4
{[%clk 0:09:11]} 24. Nb4 {[%clk 0:10:28]} Qe5 {[%clk 0:05:51]} 25. Qg4
{[%clk 0:06:56]} Qe6 {[%clk 0:04:02]} 26. Qg5 {[%clk 0:05:49]} Kg7
{[%clk 0:03:32]} 27. a3 {[%clk 0:03:17]} h6 {[%clk 0:02:45]} 28. Qg3
{[%clk 0:03:21]} Rxd1 {[%clk 0:02:21]} 29. Rxd1 {[%clk 0:03:46]} Nc6
{[%clk 0:01:42]} 30. Rd6 {[%clk 0:02:19]} Qe5 {[%clk 0:01:38]} 31. Qxe5+
{[%clk 0:02:18]} Nxe5 {[%clk 0:02:07]} 32. f4 {[%clk 0:02:27]} Nd3
{[%clk 0:01:02]} 33. Nxd3 {[%clk 0:02:30]} cxd3 {[%clk 0:01:32]} 34. Rxd3
{[%clk 0:02:53]} a5 {[%clk 0:01:15]} 35. Nxb5 {[%clk 0:02:04]} Bxe4
{[%clk 0:01:33]} 36. Re3 {[%clk 0:01:56]} Bd5 {[%clk 0:01:06]} 37. Nc3
{[%clk 0:01:25]} Be6 {[%clk 0:00:50]} 38. b4 {[%clk 0:01:04]} axb4
{[%clk 0:01:08]} 39. axb4 {[%clk 0:01:33]} Rc4 {[%clk 0:01:30]} 40. Ne2
{[%clk 0:30:52]} Rxb4 1/2-1/2

[Event "Team women final 2016"]
[Site "Sochi"]
[Date "2016.05.02"]
[Round "2.6"]
[White "Maltsevskaya, Aleksandra"]
[Black "Trapeznikova, Darya"]
[Result "1/2-1/2"]
[LiveChessVersion "1.4.4"]
[BlackElo "2085"]
[WhiteElo "2252"]
[BlackTeam "Bukavushki"]
[WhiteTeam "Donchanka"]

1. c4 {[%clk 1:30:49]} e6 {[%clk 1:30:42]} 2. Nf3 {[%clk 1:31:10]} d5
{[%clk 1:31:04]} 3. d4 {[%clk 1:31:04]} c6 {[%clk 1:31:28]} 4. e3
{[%clk 1:31:29]} f5 {[%clk 1:31:44]} 5. Bd3 {[%clk 1:31:45]} Nf6 {[%clk 1:32:08]}
6. O-O {[%clk 1:31:27]} Bd6 {[%clk 1:32:32]} 7. b3 {[%clk 1:31:52]} Qe7
{[%clk 1:32:57]} 8. Bb2 {[%clk 1:32:16]} O-O {[%clk 1:33:17]} 9. Qc1
{[%clk 1:32:40]} a5 {[%clk 1:32:42]} 10. Ba3 {[%clk 1:32:12]} Bxa3
{[%clk 1:27:09]} 11. Qxa3 {[%clk 1:32:21]} Qxa3 {[%clk 1:23:53]} 12. Nxa3
{[%clk 1:32:41]} Na6 {[%clk 1:24:03]} 13. Nc2 {[%clk 1:27:26]} Nb4
{[%clk 1:23:18]} 14. Nxb4 {[%clk 1:14:02]} axb4 {[%clk 1:23:31]} 15. Ne1
{[%clk 1:14:06]} b6 {[%clk 1:22:37]} 16. Be2 {[%clk 1:11:29]} c5 {[%clk 1:17:35]}
17. dxc5 {[%clk 1:05:02]} bxc5 {[%clk 1:17:48]} 18. Nd3 {[%clk 1:05:25]} Ra5
{[%clk 1:14:47]} 19. Rfc1 {[%clk 1:01:49]} dxc4 {[%clk 1:13:20]} 20. Nf4
{[%clk 0:53:27]} c3 {[%clk 1:10:37]} 21. Bc4 {[%clk 0:52:19]} Re8
{[%clk 1:05:07]} 22. a3 {[%clk 0:52:19]} Ne4 {[%clk 1:01:28]} 23. axb4
{[%clk 0:52:05]} Rxa1 {[%clk 1:01:19]} 24. Rxa1 {[%clk 0:52:29]} cxb4
{[%clk 1:01:42]} 25. Nd3 {[%clk 0:49:58]} Nd2 {[%clk 0:48:18]} 26. Nxb4
{[%clk 0:49:31]} Nxc4 {[%clk 0:43:54]} 27. bxc4 {[%clk 0:49:53]} Rd8
{[%clk 0:43:58]} 28. h3 {[%clk 0:48:40]} Rd2 {[%clk 0:33:57]} 29. Ra8
{[%clk 0:47:08]} Rb2 {[%clk 0:30:37]} 30. Rxc8+ {[%clk 0:44:19]} Kf7
{[%clk 0:31:03]} 31. Nd3 {[%clk 0:44:37]} Rd2 {[%clk 0:30:02]} 32. Nb4
{[%clk 0:38:18]} Rb2 {[%clk 0:30:27]} 33. Nd3 {[%clk 0:34:10]} Rd2
{[%clk 0:24:59]} 34. Nb4 {[%clk 0:34:18]} Rb2 {[%clk 0:24:09]} 35. Nd3
{[%clk 0:34:42]} 1/2-1/2

[Event "Team women final 2016"]
[Site "Sochi"]
[Date "2016.05.02"]
[Round "2.7"]
[White "Sazonova, Anastasia"]
[Black "Assaubayeva, Bibisara"]
[Result "1-0"]
[LiveChessVersion "1.4.4"]
[BlackElo "2141"]
[WhiteElo "2085"]
[BlackTeam "Donchanka"]
[WhiteTeam "Bukavushki"]

1. d4 {[%clk 1:30:44]} Nf6 {[%clk 1:30:51]} 2. c4 {[%clk 1:31:06]} g6
{[%clk 1:31:14]} 3. Nc3 {[%clk 1:31:22]} Bg7 {[%clk 1:31:34]} 4. e4
{[%clk 1:31:38]} d6 {[%clk 1:31:54]} 5. Be2 {[%clk 1:31:51]} O-O {[%clk 1:32:04]}
6. Bg5 {[%clk 1:31:47]} h6 {[%clk 1:32:20]} 7. Be3 {[%clk 1:31:12]} c5
{[%clk 1:32:30]} 8. d5 {[%clk 1:29:34]} e6 {[%clk 1:32:49]} 9. dxe6
{[%clk 1:28:00]} Bxe6 {[%clk 1:32:50]} 10. f3 {[%clk 1:21:01]} Nc6
{[%clk 1:28:13]} 11. Qd2 {[%clk 1:19:08]} Kh7 {[%clk 1:27:04]} 12. O-O-O
{[%clk 1:05:11]} Nd7 {[%clk 1:17:04]} 13. h4 {[%clk 0:58:07]} Qa5
{[%clk 1:10:24]} 14. Kb1 {[%clk 0:56:11]} Nd4 {[%clk 1:04:34]} 15. Nb5
{[%clk 0:48:47]} Qxd2 {[%clk 1:02:18]} 16. Rxd2 {[%clk 0:47:24]} Nxb5
{[%clk 0:48:55]} 17. cxb5 {[%clk 0:47:33]} d5 {[%clk 0:46:20]} 18. exd5
{[%clk 0:45:33]} Bf5+ {[%clk 0:46:44]} 19. Ka1 {[%clk 0:39:59]} Rfe8
{[%clk 0:46:15]} 20. Bf2 {[%clk 0:39:36]} c4 {[%clk 0:41:13]} 21. Bd4
{[%clk 0:33:17]} Bxd4 {[%clk 0:36:44]} 22. Rxd4 {[%clk 0:32:28]} a6
{[%clk 0:32:55]} 23. bxa6 {[%clk 0:25:04]} Rxa6 {[%clk 0:22:14]} 24. Rxc4
{[%clk 0:22:30]} h5 {[%clk 0:19:53]} 25. Rc1 {[%clk 0:20:26]} Ra5
{[%clk 0:19:56]} 26. g4 {[%clk 0:17:35]} hxg4 {[%clk 0:16:45]} 27. fxg4
{[%clk 0:17:50]} Be4 {[%clk 0:14:33]} 28. Rh3 {[%clk 0:11:37]} Bxd5
{[%clk 0:12:45]} 29. a3 {[%clk 0:10:59]} Rc5 {[%clk 0:09:28]} 30. Rhc3
{[%clk 0:08:48]} Rxc3 {[%clk 0:06:59]} 31. Rxc3 {[%clk 0:09:05]} Nf6
{[%clk 0:05:56]} 32. Rc1 {[%clk 0:09:08]} Re3 {[%clk 0:05:12]} 33. Rd1
{[%clk 0:06:47]} Bc6 {[%clk 0:04:13]} 34. Rf1 {[%clk 0:06:28]} Kg7
{[%clk 0:03:32]} 35. Bc4 {[%clk 0:04:57]} Bd5 {[%clk 0:03:10]} 36. Bxd5
{[%clk 0:04:11]} Nxd5 {[%clk 0:03:39]} 37. Nf3 {[%clk 0:04:01]} f6
{[%clk 0:01:17]} 38. Kb1 {[%clk 0:02:53]} Kf7 {[%clk 0:00:40]} 39. Kc1
{[%clk 0:02:00]} Kg7 {[%clk 0:00:41]} 40. Kd2 {[%clk 0:31:27]} Rb3
{[%clk 0:31:06]} 41. Kc2 {[%clk 0:20:15]} Re3 {[%clk 0:29:30]} 42. Kc1
{[%clk 0:19:20]} b5 {[%clk 0:25:40]} 43. Rd1 {[%clk 0:15:39]} Rxf3
{[%clk 0:19:55]} 44. Rxd5 {[%clk 0:16:03]} b4 {[%clk 0:19:36]} 45. a4
{[%clk 0:11:43]} Kf7 {[%clk 0:17:49]} 46. a5 {[%clk 0:10:05]} Ke6
{[%clk 0:17:30]} 47. Rb5 {[%clk 0:09:08]} Kd7 {[%clk 0:13:14]} 48. a6
{[%clk 0:08:47]} Rf1+ {[%clk 0:13:24]} 49. Kc2 {[%clk 0:08:54]} Ra1
{[%clk 0:13:07]} 50. Rb6 {[%clk 0:09:05]} f5 {[%clk 0:13:00]} 51. gxf5
{[%clk 0:07:55]} gxf5 {[%clk 0:13:28]} 52. h5 {[%clk 0:08:08]} f4
{[%clk 0:13:29]} 53. h6 {[%clk 0:08:18]} f3 {[%clk 0:13:28]} 54. h7
{[%clk 0:06:13]} f2 {[%clk 0:12:12]} 55. h8=Q {[%clk 0:05:41]} Rc1+
{[%clk 0:12:32]} 56. Kb3 {[%clk 0:05:53]} f1=Q {[%clk 0:12:23]} 57. Qg7+
{[%clk 0:05:42]} Kc8 {[%clk 0:12:24]} 58. Rb8+ {[%clk 0:05:58]} 1-0

[Event "Team women final 2016"]
[Site "Sochi"]
[Date "2016.05.02"]
[Round "2.8"]
[White "Petrova, Olga"]
[Black "Nasybullina, Alfia"]
[Result "1-0"]
[LiveChessVersion "1.4.4"]
[BlackElo "2151"]
[WhiteElo "2163"]
[BlackTeam "Bukavushki"]
[WhiteTeam "Donchanka"]

1. e4 {[%clk 1:30:53]} c6 {[%clk 1:30:49]} 2. d4 {[%clk 1:31:10]} d5
{[%clk 1:31:11]} 3. e5 {[%clk 1:31:21]} c5 {[%clk 1:31:33]} 4. dxc5
{[%clk 1:30:28]} Nc6 {[%clk 1:31:54]} 5. Nf3 {[%clk 1:30:15]} Bg4
{[%clk 1:32:01]} 6. Bf4 {[%clk 1:27:32]} e6 {[%clk 1:29:54]} 7. h3
{[%clk 1:23:59]} Bxf3 {[%clk 1:28:09]} 8. Qxf3 {[%clk 1:24:08]} Bxc5
{[%clk 1:27:09]} 9. c3 {[%clk 1:23:56]} Nge7 {[%clk 1:26:35]} 10. Bd3
{[%clk 1:20:53]} Ng6 {[%clk 1:24:13]} 11. Bxg6 {[%clk 1:19:39]} hxg6
{[%clk 1:24:36]} 12. O-O {[%clk 1:19:29]} Qc7 {[%clk 1:20:35]} 13. Re1
{[%clk 1:19:09]} Rh5 {[%clk 1:18:16]} 14. Qe2 {[%clk 1:18:23]} Rf5
{[%clk 1:09:01]} 15. Bg3 {[%clk 1:17:36]} O-O-O {[%clk 0:58:26]} 16. b4
{[%clk 1:14:44]} Bb6 {[%clk 0:57:15]} 17. a4 {[%clk 1:12:29]} Qe7
{[%clk 0:53:59]} 18. Na3 {[%clk 1:01:54]} Bc7 {[%clk 0:48:18]} 19. Nb5
{[%clk 0:57:40]} Bxe5 {[%clk 0:41:10]} 20. Nxa7+ {[%clk 0:56:05]} Nxa7
{[%clk 0:40:53]} 21. Bxe5 {[%clk 0:56:20]} Nc6 {[%clk 0:39:08]} 22. Bg3
{[%clk 0:56:27]} Kd7 {[%clk 0:30:10]} 23. a5 {[%clk 0:55:33]} Ke8
{[%clk 0:30:20]} 24. b5 {[%clk 0:53:42]} Nb8 {[%clk 0:25:52]} 25. a6
{[%clk 0:53:05]} bxa6 {[%clk 0:25:15]} 26. bxa6 {[%clk 0:53:25]} Qa7
{[%clk 0:25:28]} 27. Reb1 {[%clk 0:53:25]} d4 {[%clk 0:23:52]} 28. Rb7
{[%clk 0:50:26]} d3 {[%clk 0:20:15]} 29. Qd1 {[%clk 0:49:55]} Qa8
{[%clk 0:19:36]} 30. Bxb8 {[%clk 0:49:53]} Rxb8 {[%clk 0:18:38]} 31. Qa4+
{[%clk 0:50:09]} 1-0

[Event "Team women final 2016"]
[Site "Sochi"]
[Date "2016.05.02"]
[Round "2.9"]
[White "Ubiennykh, Ekaterina"]
[Black "Ushenina, Anna"]
[Result "1/2-1/2"]
[LiveChessVersion "1.4.4"]
[BlackElo "2450"]
[WhiteElo "2307"]
[BlackTeam "Ugra"]
[WhiteTeam "Boavishta"]

1. d4 {[%clk 1:30:58]} d5 {[%clk 1:30:47]} 2. c4 {[%clk 1:31:22]} c6
{[%clk 1:31:13]} 3. Nf3 {[%clk 1:31:43]} Nf6 {[%clk 1:31:30]} 4. e3
{[%clk 1:32:08]} Bf5 {[%clk 1:29:33]} 5. Nc3 {[%clk 1:32:16]} a6 {[%clk 1:29:31]}
6. Nh4 {[%clk 1:29:31]} Bg4 {[%clk 1:27:50]} 7. Qb3 {[%clk 1:27:52]} Ra7
{[%clk 1:26:55]} 8. h3 {[%clk 1:27:00]} Bc8 {[%clk 1:26:04]} 9. Bd2
{[%clk 1:26:30]} e6 {[%clk 1:21:05]} 10. Nf3 {[%clk 1:25:52]} Nbd7
{[%clk 1:17:44]} 11. cxd5 {[%clk 1:18:35]} cxd5 {[%clk 1:16:21]} 12. Rc1
{[%clk 1:17:10]} Be7 {[%clk 1:10:39]} 13. Bd3 {[%clk 1:17:30]} O-O
{[%clk 1:09:59]} 14. O-O {[%clk 1:17:50]} b6 {[%clk 1:06:12]} 15. Na4
{[%clk 1:13:49]} Bb7 {[%clk 0:59:18]} 16. Bb4 {[%clk 1:13:08]} Bxb4
{[%clk 0:54:52]} 17. Qxb4 {[%clk 1:13:30]} Ba8 {[%clk 0:54:22]} 18. Rc2
{[%clk 1:09:45]} Qb8 {[%clk 0:40:17]} 19. Rfc1 {[%clk 1:08:44]} g6
{[%clk 0:40:26]} 20. b3 {[%clk 1:04:31]} Kg7 {[%clk 0:40:05]} 21. Nb2
{[%clk 1:03:56]} Rd8 {[%clk 0:34:06]} 22. a4 {[%clk 1:03:29]} a5 {[%clk 0:31:09]}
23. Qa3 {[%clk 1:00:11]} e5 {[%clk 0:22:48]} 24. Bb5 {[%clk 0:59:18]} e4
{[%clk 0:21:25]} 25. Nd2 {[%clk 0:56:21]} Nf8 {[%clk 0:20:58]} 26. Nd1
{[%clk 0:55:53]} Ne6 {[%clk 0:20:57]} 27. Be2 {[%clk 0:54:39]} h5
{[%clk 0:16:14]} 28. Nc3 {[%clk 0:54:24]} Rc7 {[%clk 0:15:39]} 29. Nb5
{[%clk 0:54:23]} Rxc2 {[%clk 0:15:53]} 30. Rxc2 {[%clk 0:54:50]} Rc8
{[%clk 0:16:03]} 31. Qc1 {[%clk 0:53:00]} Rxc2 {[%clk 0:12:40]} 32. Qxc2
{[%clk 0:53:24]} Ne8 {[%clk 0:11:45]} 33. f3 {[%clk 0:47:54]} f5 {[%clk 0:12:03]}
34. f4 {[%clk 0:45:56]} h4 {[%clk 0:11:59]} 35. Nf1 {[%clk 0:42:59]} Bb7
{[%clk 0:11:29]} 36. Qc3 {[%clk 0:42:29]} Qc8 {[%clk 0:05:38]} 37. Qe1
{[%clk 0:40:21]} Qd8 {[%clk 0:01:54]} 38. b4 {[%clk 0:39:19]} axb4
{[%clk 0:02:22]} 39. Qxb4 {[%clk 0:39:45]} Ba6 {[%clk 0:00:58]} 40. Kf2
{[%clk 1:08:06]} g5 {[%clk 0:30:40]} 41. fxg5 {[%clk 1:01:01]} Nxg5
{[%clk 0:30:40]} 42. Nc3 {[%clk 0:59:18]} Bxe2 {[%clk 0:26:58]} 43. Nxe2
{[%clk 0:55:07]} Ne6 {[%clk 0:26:58]} 44. Nf4 {[%clk 0:50:22]} Nxf4
{[%clk 0:27:23]} 45. exf4 {[%clk 0:50:47]} Qc7 {[%clk 0:27:52]} 46. Ne3
{[%clk 0:50:41]} Qxf4+ {[%clk 0:13:44]} 47. Ke2 {[%clk 0:51:05]} Nf6
{[%clk 0:05:20]} 48. Qe7+ {[%clk 0:38:05]} Kg6 {[%clk 0:05:43]} 49. Qxf6+
{[%clk 0:38:29]} Kxf6 {[%clk 0:06:08]} 50. Nxd5+ {[%clk 0:38:55]} Kg5
{[%clk 0:06:36]} 51. Nxf4 {[%clk 0:39:19]} Kxf4 {[%clk 0:07:05]} 52. Kf2
{[%clk 0:39:23]} Kg5 {[%clk 0:05:27]} 53. g3 {[%clk 0:34:45]} hxg3+
{[%clk 0:05:52]} 54. Kxg3 {[%clk 0:35:11]} f4+ {[%clk 0:06:16]} 55. Kf2
{[%clk 0:34:56]} Kh4 {[%clk 0:00:39]} 56. d5 {[%clk 0:33:48]} Kxh3
{[%clk 0:00:57]} 57. d6 {[%clk 0:33:12]} e3+ {[%clk 0:01:22]} 58. Kf3
{[%clk 0:33:10]} e2 {[%clk 0:01:47]} 59. Kxe2 {[%clk 0:33:09]} Kg2
{[%clk 0:02:14]} 60. d7 {[%clk 0:33:21]} f3+ {[%clk 0:02:40]} 61. Kd2
{[%clk 0:27:08]} f2 {[%clk 0:03:03]} 62. d8=Q {[%clk 0:27:32]} f1=Q
{[%clk 0:03:30]} 63. Qd5+ {[%clk 0:21:33]} Kh2 {[%clk 0:00:54]} 64. Qd6+
{[%clk 0:15:59]} Kg2 {[%clk 0:01:15]} 65. Qg6+ {[%clk 0:15:57]} Kh2
{[%clk 0:01:34]} 66. Qh7+ {[%clk 0:15:15]} Kg1 {[%clk 0:01:24]} 67. Qh4
{[%clk 0:10:19]} Qg2+ {[%clk 0:00:50]} 68. Ke3 {[%clk 0:10:36]} Qg6
{[%clk 0:01:10]} 69. Qf2+ {[%clk 0:10:24]} Kh1 {[%clk 0:01:39]} 70. Qf3+
{[%clk 0:10:01]} Kg1 {[%clk 0:01:39]} 71. Qe4 {[%clk 0:09:16]} Qg5+
{[%clk 0:01:05]} 72. Kd3 {[%clk 0:09:19]} Qa5 {[%clk 0:00:55]} 73. Qe3+
{[%clk 0:09:09]} Kh1 {[%clk 0:01:18]} 74. Qc1+ {[%clk 0:09:21]} Kg2
{[%clk 0:01:39]} 75. Qd2+ {[%clk 0:09:21]} Kf3 {[%clk 0:02:03]} 76. Qxa5
{[%clk 0:09:35]} Ke4+ 77. Kxe4 1/2-1/2

[Event "Team women final 2016"]
[Site "Sochi"]
[Date "2016.05.02"]
[Round "2.10"]
[White "Pogonina, Natalija"]
[Black "Tomilova, Elena"]
[Result "1/2-1/2"]
[LiveChessVersion "1.4.4"]
[BlackElo "2305"]
[WhiteElo "2490"]
[BlackTeam "Boavishta"]
[WhiteTeam "Ugra"]

1. d4 {[%clk 1:30:57]} d5 {[%clk 1:30:53]} 2. c4 {[%clk 1:31:23]} c6
{[%clk 1:31:18]} 3. e3 {[%clk 1:31:44]} Nf6 {[%clk 1:31:42]} 4. Nc3
{[%clk 1:32:00]} Qb6 {[%clk 1:31:53]} 5. Nf3 {[%clk 1:29:00]} Bg4
{[%clk 1:31:49]} 6. Be2 {[%clk 1:25:11]} e6 {[%clk 1:31:45]} 7. O-O
{[%clk 1:24:02]} Nbd7 {[%clk 1:31:51]} 8. h3 {[%clk 1:16:44]} Bxf3
{[%clk 1:32:00]} 9. Bxf3 {[%clk 1:17:09]} Be7 {[%clk 1:31:10]} 10. b3
{[%clk 1:10:02]} O-O {[%clk 1:30:40]} 11. Rb1 {[%clk 1:08:27]} a5
{[%clk 1:26:15]} 12. Bb2 {[%clk 1:07:54]} Rfd8 {[%clk 1:26:00]} 13. Qe2
{[%clk 1:07:24]} Qa6 {[%clk 1:22:03]} 14. e4 {[%clk 1:02:29]} dxe4
{[%clk 1:20:58]} 15. Nxe4 {[%clk 1:02:37]} Nxe4 {[%clk 1:21:07]} 16. Qxe4
{[%clk 1:01:55]} Bf6 {[%clk 1:14:58]} 17. Rfd1 {[%clk 0:57:08]} a4
{[%clk 1:08:25]} 18. Bc1 {[%clk 0:51:53]} axb3 {[%clk 1:02:07]} 19. axb3
{[%clk 0:51:14]} Qa5 {[%clk 1:00:17]} 20. Bd2 {[%clk 0:42:55]} Qb6
{[%clk 0:53:02]} 21. Be3 {[%clk 0:41:35]} Qa5 {[%clk 0:48:51]} 22. d5
{[%clk 0:29:44]} exd5 {[%clk 0:27:28]} 23. cxd5 {[%clk 0:30:09]} Ne5
{[%clk 0:27:41]} 24. dxc6 {[%clk 0:28:22]} bxc6 {[%clk 0:27:53]} 25. Be2
{[%clk 0:28:09]} Re8 {[%clk 0:24:16]} 26. Bf1 {[%clk 0:25:02]} Rac8
{[%clk 0:22:40]} 27. Qc2 {[%clk 0:23:10]} Qb4 {[%clk 0:22:04]} 28. Kh1
{[%clk 0:22:07]} c5 {[%clk 0:21:22]} 29. Rd5 {[%clk 0:20:19]} h6 {[%clk 0:16:16]}
30. Rxc5 {[%clk 0:17:41]} Rxc5 {[%clk 0:16:20]} 31. Qxc5 {[%clk 0:14:54]} Qe4
{[%clk 0:16:05]} 32. Rd1 {[%clk 0:09:28]} Rb8 {[%clk 0:14:50]} 33. Bb5
{[%clk 0:07:04]} Qb7 {[%clk 0:13:00]} 34. Ba4 {[%clk 0:06:53]} Rc8
{[%clk 0:13:03]} 35. Qd5 {[%clk 0:06:13]} Qa6 {[%clk 0:12:00]} 36. Qb5
{[%clk 0:05:24]} Qe6 {[%clk 0:11:05]} 37. Qb7 {[%clk 0:03:38]} Rc2
{[%clk 0:04:46]} 38. Qa8+ {[%clk 0:03:42]} Rc8 {[%clk 0:05:06]} 39. Qe4
{[%clk 0:04:04]} Qa6 {[%clk 0:04:52]} 40. Bf4 {[%clk 0:33:15]} Ng6
{[%clk 0:33:12]} 41. Bg3 {[%clk 0:28:45]} Qa5 {[%clk 0:29:08]} 42. Bc6
{[%clk 0:25:16]} Qc3 {[%clk 0:26:43]} 43. Bd5 {[%clk 0:23:24]} Rd8
{[%clk 0:25:01]} 44. b4 {[%clk 0:20:09]} Kf8 {[%clk 0:22:46]} 45. Rb1
{[%clk 0:16:12]} Ne7 {[%clk 0:20:56]} 46. Bc4 {[%clk 0:14:16]} g6
{[%clk 0:18:31]} 47. b5 {[%clk 0:08:05]} Rd4 {[%clk 0:15:17]} 48. Qa8+
{[%clk 0:08:19]} Kg7 {[%clk 0:15:46]} 49. Bf1 {[%clk 0:05:45]} Qc2
{[%clk 0:14:18]} 50. Re1 {[%clk 0:03:54]} Qd2 {[%clk 0:10:58]} 51. Qa1
{[%clk 0:03:02]} Re4 {[%clk 0:08:28]} 52. Rd1 {[%clk 0:03:03]} Qb4
{[%clk 0:06:51]} 53. Qb1 {[%clk 0:02:56]} Qa4 {[%clk 0:06:51]} 54. Re1
{[%clk 0:02:46]} Rb4 {[%clk 0:06:57]} 55. Qd1 {[%clk 0:02:15]} Nf5
{[%clk 0:06:42]} 56. Bc7 {[%clk 0:01:34]} Qa2 {[%clk 0:06:01]} 57. Bb6
{[%clk 0:01:09]} Rb2 {[%clk 0:04:09]} 58. Kg1 {[%clk 0:01:04]} Bc3
{[%clk 0:03:57]} 59. Re2 {[%clk 0:00:57]} Qb1 {[%clk 0:03:24]} 60. Qxb1
{[%clk 0:00:50]} Rxb1 {[%clk 0:03:52]} 61. Rc2 {[%clk 0:00:45]} Bd4
{[%clk 0:03:58]} 62. Bxd4+ {[%clk 0:00:38]} Nxd4 {[%clk 0:04:26]} 63. Rd2
{[%clk 0:00:44]} Nxb5 {[%clk 0:04:40]} 64. f3 {[%clk 0:00:59]} Nc7
{[%clk 0:04:30]} 65. Kf2 {[%clk 0:01:23]} Ne6 {[%clk 0:04:21]} 66. Bc4
{[%clk 0:01:42]} Kf6 {[%clk 0:04:22]} 67. Bxe6 {[%clk 0:00:51]} Ke5 1/2-1/2